|
|
|
|
| LEADER |
01315nam a2200277 a 4500 |
| 001 |
518423 |
| 008 |
091230s1987 nju b 001 0 eng d |
| 010 |
|
|
|a 86046328
|
| 020 |
|
|
|a 0838633110 (alk. paper)
|
| 040 |
|
|
|a DLC
|c DLC
|d DLC
|d BD-DhAAL
|
| 082 |
0 |
0 |
|a 305.4/09172/4
|2 19
|
| 100 |
1 |
|
|a Bisilliat, Jeanne.
|
| 240 |
1 |
0 |
|a Femmes du Tiers-monde.
|l English
|
| 245 |
1 |
0 |
|a Women of the Third World :
|b work and daily life /
|c Jeanne Bisilliat and Michèle Fiéloux ; translated by Enne Amann and Peter Amann.
|
| 260 |
|
|
|a Rutherford :
|b Fairleigh Dickinson University Press ;
|a London ;
|a Cranbury, NJ :
|b Associated University Presses,
|c c1987.
|
| 300 |
|
|
|a 97 p. ;
|c 23 cm.
|
| 500 |
|
|
|a Translation of: Femmes du Tiers-monde.
|
| 504 |
|
|
|a Includes bibliography: [p. 84-90] and index.
|
| 541 |
1 |
|
|e 00004329
|
| 650 |
|
0 |
|a Women in development
|z Developing countries.
|
| 650 |
|
0 |
|a Women
|z Developing countries
|x Economic conditions.
|
| 650 |
|
0 |
|a Women
|x Employment
|z Developing countries.
|
| 700 |
1 |
|
|a Fiéloux, Michèle.
|
| 852 |
4 |
|
|a Ayesha Abed Library
|j General Shelf.
|
| 999 |
|
|
|c 6529
|d 6529
|
| 952 |
|
|
|0 0
|1 0
|2 ddc
|4 0
|6 305_409172400000000_BIS_1987
|7 0
|9 6626
|a BRACUL
|b BRACUL
|c GEN
|d 2009-12-30
|g 0.00
|l 1
|m 4
|o 305.4091724 BIS
|p 3010004329
|r 2014-12-27
|s 2014-11-25
|t 1
|w 2009-12-30
|y BK
|x No price found in the accession register.
|